BIBLIOTHÈQUE DE LA MAISON DU MEXIQUE

Logo 1 Logo 2

Balzac (notice nᵒ 3432)

détails MARC
000 -Sello discográfico
campo de control de longitud fija 00836nam a2200277 4500
005 - Identificación de versión
campo de control 20251016083209.0
035 ## - Otros números de control del sistema
Número de control del sistema 13289
099 ## - fechas locales
Tipo de ítem Koha LIBRO
100 ## - Datos de procesamiento general
Datos de procesamiento general 19980512d1952 m y1spay5003 ba
105 ## - Campo de datos codificados: Material textual, monográfico
Datos codificados de monografía y 001zy
200 1# - Título y mención de responsabilidad
Título propio Balzac
Designación general del material texto impreso
Otra información del título el sentido humano de su obra
Primer mención de responsabilidad José Mancisidor
210 ## - Publicación, distribución, etc.
Lugar de publicación, distribución, etc. México
Nombre del editor, distribuidor, etc. Imprenta Universitaria
Fecha de publicación, distribución, etc. 1952
215 ## - Descripción física
Designación de material específico y extensión del ítem 106 p
Dimensiones 18 cm
300 ## - Notas generales
Texto de la nota Premiado en el Concurso del Centenario Balzac convocado por Novedades
345 ## - Nota de información de adquisición
Fuente de adquisición/dirección de la suscripción [OBSOLETO] Donación
410 #1 - Series
Título Serie Humanidades
Número de volumen 2
600 ## - Nombre personal usado como materia
Elemento de entrada Balzac
Parte del nombre distinta del elemento de entrada Honoré de
Fechas 1799-1850
Número Koha 4973
660 ## - Código de área geográfica
Código MX
700 ## - Nombre personal - Responsabilidad primaria
Elemento de entrada Mancisidor Ortiz
Parte del nombre distinta del elemento de entrada José
Fechas 1894-1956
Número Koha 4253
801 #0 - Fuente de origen
Agencia cm
900 ## -
-- 1/17182
900 ## -
-- 710988786\\120598
942 ## - ELEMENTOS DE ENTRADA SECUNDARIOS (KOHA)
Tipo de ítem Koha Livre
996 ## -
-- MEX
-- 751145101
-- MMAG
-- 011754
-- 843.7 M269B
-- 20241127LIV
Exemplaires
Estatus retirado Estado de daño Estado de pérdida Fecha de adquisición Biblioteca de origen Biblioteca actual Ubicación en estantería Código de barras Precio de reemplazo Signatura topográfica completa No para préstamo Tipo de ítem Koha Nota pública Nota no pública
      05/08/2025 Casa México Paris Casa México Paris   011754 05/08/2025 843.7 M269B   Livre 20241127LIV 751145101